| 000 | 00000nam 2200000zi 4500 |
| 001 | 9.915562 |
| 003 | CaOODSP |
| 005 | 20230818074254 |
| 006 | m o d f |
| 007 | cr ||||||||||| |
| 008 | 220920t20222022onc o s f000 0 eng d |
| 020 | |a9780660455495 |
| 040 | |aCaOODSP|beng|erda|cCaOODSP |
| 043 | |an-cn--- |
| 086 | 1 |aRR4-2/2023E-PDF |
| 245 | 04|aThe tri-council policy statement : |bethical conduct for research involving humans. |
| 264 | 1|aOttawa, Ontario : |bSecretariat on Responsible Conduct of Research = Secrétariat sur la conduite responsable de la recherche, |c2022. |
| 264 | 4|c©2022 |
| 300 | |a1 online resource (iii, 280 pages) |
| 336 | |atext|btxt|2rdacontent |
| 337 | |acomputer|bc|2rdamedia |
| 338 | |aonline resource|bcr|2rdacarrier |
| 500 | |aIssued also in French under title: Énoncé de politique des trois conseils : éthique de la recherche avec des êtres humains. |
| 500 | |a"TCPS2 2022." |
| 504 | |aIncludes bibliographical references. |
| 650 | 0|aHuman experimentation in medicine|xMoral and ethical aspects|xGovernment policy|zCanada. |
| 650 | 0|aMedicine|xResearch|xMoral and ethical aspects|xGovernment policy|zCanada. |
| 710 | 2 |aSecretariat on Responsible Conduct of Research (Canada), |eissuing body. |
| 710 | 2 |aCanadian Institutes of Health Research, |eissuing body. |
| 775 | 08|tÉnoncé de politique des trois conseils : |w(CaOODSP)9.915563 |
| 795 | |tTri-Council policy statement : |w(CaOODSP)9.869459 |
| 856 | 40|qPDF|s1.82 MB|uhttps://publications.gc.ca/collections/collection_2023/irsc-cihr/RR4-2-2023-eng.pdf |
| 856 | 4 |qHTML|sN/A|uhttps://ethics.gc.ca/eng/policy-politique_tcps2-eptc2_2022.html |